Art at the Turn of the Millennium = L´Art au Tournant de l´An 2000 /

Gespeichert in:
Bibliographische Detailangaben
Hauptverfasser: Bang Larsen, Lars (Verfasst von), Blase, Christoph (Verfasst von), Dziewior, Ylmaz (Verfasst von)
Weitere Verfasser: Riemschneider, Burkhard (Herausgegeben von), Grosenick, Uta (Herausgegeben von)
Format: Buch
Sprache:Englisch
Französisch
Veröffentlicht: Köln : Benedikt Taschen Verlag GmbH, 1999
Ausgabe:1. vydanie
Schlagworte:
Tags: Tag hinzufügen
Keine Tags, Fügen Sie das erste Tag hinzu!

MARC

LEADER 00000nam a22000003a 4500
001 0101068
003 SK-STU
005 20230328110110.7
007 ta
008 230328s ----xo-----e------000-0-----d
020 |a 3-8228-7393-4 
040 |a STU  |b slo 
041 0 |a eng  |a fre 
044 |a gw 
100 1 |a Riemschneider, Burkhard  |4 edt 
245 1 0 |a Art at the Turn of the Millennium = L´Art au Tournant de l´An 2000 /  |c ed. Burkhard Riemschneider ; ed. Uta Grosenick; aut. Lars Bang Larsen, Christoph Blase, Ylmaz Dziewior 
250 |a 1. vydanie 
260 |a Köln :  |b Benedikt Taschen Verlag GmbH,  |c 1999 
300 |a 575 s. 
650 0 7 |a výtvarné umenie 
650 0 7 |a vizuálne umenie 
650 0 7 |a Inštalácia 
650 0 7 |a výtvarníci zahraniční 
700 1 |a Grosenick, Uta  |4 edt 
700 1 |a Bang Larsen, Lars  |4 aut 
700 1 |a Blase, Christoph  |4 aut 
700 1 |a Dziewior, Ylmaz  |4 aut 
996 |b 284AU09545  |c A* 12900/U  |l AAKNAR  |s A  |a 24  |w 0101068_0001